[Event "FIDE-Wch k.o."]
[Site "Groningen"]
[Date "1997.12.19"]
[Round "4.6"]
[White "Adams, Michael"]
[Black "Svidler, Peter"]
[Result "1-0"]
[WhiteElo "2680"]
[BlackElo "2660"]
[Annotator "Yudasin,L"]
[PlyCount "119"]
[EventDate "1997.12.09"]
[EventType "k.o."]
[EventRounds "7"]
[EventCountry "NED"]
[SourceTitle "CBM 063"]
[Source "ChessBase"]
[SourceDate "1998.03.26"]
[SourceVersion "1"]
[SourceVersionDate "1998.03.26"]
[SourceQuality "1"]

1. e4 g6 2. d4 Bg7 3. Nc3 d6 4. Be3 a6 5. a4 $5 (5. g3 $5) 5... Nd7 6. Nf3 Ngf6
7. Be2 O-O (7... Ng4 8. Bg5 h6 9. Bh4 c5 $132) 8. O-O b6 (8... c5 9. d5 Ng4 10.
Bg5 Nge5 $5) 9. h3 Bb7 10. Nd2 e6 (10... c5 11. d5 e6 12. dxe6 fxe6 13. Nc4 d5
14. exd5 exd5 15. Bf3 $16) 11. Re1 Qb8 (11... e5 12. d5 Ne8 13. Nc4 f5 14. exf5
gxf5 15. f4 Qh4 16. Qd2 $13) 12. Bf3 Rd8 13. Nc4 c6 (13... Nxe4 14. Nxe4 d5 15.
Bg5 Re8 16. Nxb6 cxb6 17. Ng3 $14) 14. Qc1 (14. Nxd6 Qxd6 15. e5 Qc7 16. exf6
Nxf6 {[%cal Gf6d5] /\Nd5=}) 14... Qc7 (14... e5 15. dxe5 dxe5 16. Rd1 $14) 15.
Nxd6 Qxd6 16. e5 Qb4 (16... Nxe5 $2 17. dxe5 Qxe5 18. Bxb6) (16... Qc7 17. exf6
Nxf6 18. Bf4 Qe7 19. Be5 c5 20. Bxb7 Qxb7 21. dxc5 bxc5 $14) 17. exf6 Nxf6 18.
a5 $1 b5 (18... bxa5 19. Ra4) 19. Ne2 $1 Nd5 $5 (19... Rac8 20. c3 Qf8 21. b4
$16) (19... Qe7 $6 20. c3 c5 21. Bxb7 Qxb7 22. dxc5 Nd5 23. b4) 20. c3 Qd6 $1 (
20... Qf8 21. Ng3 f5 22. Bxd5 exd5 23. b4 $16) 21. Ng3 $1 f5 22. Ne2 Re8 (22...
e5 23. dxe5 Bxe5 24. Bd4) (22... Nxe3 23. Qxe3 e5 24. dxe5 Qxe5 25. Qb6) 23.
Bxd5 Qxd5 24. Nf4 Qc4 $5 (24... Qd6 25. Nd3 e5 26. Nc5 exd4 27. Bxd4 $16) 25.
Qc2 e5 $8 26. b3 Qf7 27. dxe5 c5 (27... Bxe5 28. Nd3 $16) 28. e6 Qf6 29. Bxc5
Be4 $1 (29... Qxc3 30. Rac1 Qxc2 31. Rxc2 Be4 32. Rcc1 Bb2 33. Rcd1 Bc3 34. Re3
Bxa5 35. f3 Bc7 36. Ne2 Bc6 37. Nd4 $16) 30. Qe2 $2 (30. Qa2 Qxc3 31. b4 $16)
30... Qxc3 31. Rac1 $2 (31. b4 Be5 32. Rac1 Qb3 33. Qe3 $10) 31... Qxb3 32. f3
Bb7 33. e7 $13 (33. Rb1 Qc3) 33... Rac8 34. Kh1 (34. Rb1 Qc3 35. Bb4 Qd4+)
34... Bf6 35. Rb1 Qf7 36. Bb4 Bxe7 $1 (36... g5 37. Nd3) 37. Bxe7 Rc7 38. Qd2
Rcxe7 39. Rxe7 Qxe7 40. Rc1 $146 Qe5 (40... Rd8 41. Qa2+ Kh8 42. Qb2+ Kg8 $10)
41. Qa2+ Kg7 42. Nd3 Qd6 (42... Qe3 43. Rc7+ Kh6 44. Qf7 Bxf3 45. Qxh7+ Kg5 46.
h4+ Kg4 47. Qxg6+) 43. Qb2+ Kg8 44. Nc5 Ba8 $1 (44... Bc8 {[%cal Gh7h6,Yg8h7,
Ge8e7] /\h6,Kh7,Re7}) 45. Qb3+ Kg7 (45... Bd5 46. Qd3 Rc8 47. Qd4) 46. Qc3+ Kh6
47. Nd3 $2 Re3 48. Rd1 f4 $2 (48... Rxf3 $1 49. Qd2+ g5 50. gxf3 Bxf3+ 51. Kg1
Qg3+ 52. Kf1 Qxh3+ 53. Kf2 Bxd1 54. Qxd1 f4 $17) 49. Qc2 Re7 (49... Rxf3 50.
gxf3 Bxf3+ 51. Kh2 Bxd1 52. Qxd1 f3+ 53. Kh1 Qg3 54. Qd2+ g5 55. Nb4 $2 Qxh3+
$4 56. Qh2 $18) 50. Nf2 $132 Qb4 51. Kh2 Kg7 52. Nd3 Qd4 53. Nf2 Qb4 54. Nd3
Qxa5 (54... Qd4 $10) 55. Qb2+ Kg8 (55... Kh6 56. Qf6 Qc7 57. Nf2 $2 Rf7 58.
Ng4+ Kh5 59. Qxa6 $17 Bxf3 60. Qxb5+ g5) 56. Qb3+ Kg7 57. Qb2+ Kf7 $4 (57...
Kg8 58. Qb3+ $10) 58. Ne5+ Kg8 (58... Ke8 59. Ng4) (58... Kf8 59. Ng4) 59. Ng4
$18 h5 60. Qf6 {60...Rg7 61.Rd8 Kh7 62.Qf8 Qd8 63.Qd8 hg 64.Qa8 g3 65.Kg1 Rc7
66.Kf1 Rc1 67.Kf2 Rc2 68.Kd3 Rg2 69.Qf8 ,62.Ra8 Qe1.62.Ne5 Qe1 63.Qf4 Yudasin}
1-0

[Event "EU-Cup 13th final"]
[Site "Kazan"]
[Date "1997.12.29"]
[Round "2"]
[White "Svidler, Peter"]
[Black "Jussupow, Artur"]
[Result "1-0"]
[WhiteElo "2660"]
[BlackElo "2640"]
[Annotator "Svidler,P"]
[PlyCount "83"]
[EventDate "1997.12.28"]
[EventType "team-k.o."]
[EventRounds "4"]
[EventCountry "RUS"]
[SourceTitle "EXT 2020"]
[Source "ChessBase"]
[SourceDate "2019.10.17"]
[SourceVersion "1"]
[SourceVersionDate "2019.10.17"]
[SourceQuality "1"]
[WhiteTeam "Azov Ladya"]
[BlackTeam "Kazan Sberbank-Tatarstan"]
[WhiteTeamCountry "RUS"]
[BlackTeamCountry "RUS"]

1. e4 e5 2. Nf3 Nf6 3. d4 {A tough decision for me, since I never looked at
this move seriously in my life, at least before this game, but also a forced
one, because I don't believe anymore that 3.Nxe5 gives White anything.} Nxe4 4.
Bd3 d5 5. Nxe5 Nd7 6. Nxd7 Bxd7 7. O-O Be7 {Artur plays this line from time to
time, among other things. It gives Black a rather dull but very bullet-proof
position.} 8. c4 Nf6 9. Nc3 {An interesting bit of statistics: in ten games in
which this position occured, Black were only able to make two draws.} Be6 10.
c5 O-O 11. Bf4 c6 12. h3 (12. b4 {was played by Kindermann in his game vs.
Jussupow in Garmisch-Partenkirch 1994, but it allowed Black to activate his
pieces, slowly but unstoppably:} Qd7 13. Re1 Rfe8 14. Qc2 g6 15. h3 Nh5 16. Be5
Bg5 17. b5 Nf4 18. Bf1 Bf5 19. Qd1 f6 20. Bd6 Rxe1 21. Qxe1 Re8 $13 {, even
though White went on to win the game, which shows that even the simplest
set-ups may work for White in this position. But I wanted to destroy any
counterplay in its cradle.}) 12... Re8 13. Re1 Nd7 $5 ({Black has another very
natural move here:} 13... Qd7 {, planning 14...Bf5. But here White is able to
play} 14. g4 $5 {and it is not very clear where is any of the Black pieces
going.} (14. b4 {was seen in Polgar-Jussupow, Vienna 1996, where this position
was reached thru another move order, and after} Bf5 15. Re5 Bg6 16. Qf3 Bd8 17.
Rxe8+ Nxe8 18. Rd1 Nc7 19. Be5 Ne6 20. Bxg6 hxg6 21. a4 Bc7 22. Bxc7 Nxc7 {
the draw was agreed.}) (14. Qc2 g6 15. b4 {transposes to Kindermann-Jussupow.})
) 14. Qd2 {After a lenghty thought I decided that prophylaxis is still my most
important task. At first I wanted to play} (14. b4 {, but it allows} Bg5 $1 (
14... Bf6 15. Bc2 a5 16. b5 Nxc5 {does not work in view of} 17. dxc5 Bxc3 18.
Qd3) 15. Bg3 Qf6 {, and White is unable to stop Bf5.}) 14... Bf6 15. Bc2 Nf8
16. Re2 {Another prophylactic move, but in a normal course of events it would
lead to a highly unclear position with both sides playing for a win, which is
hardly a worthy result of prophylactic measures. The problem is that after} (
16. b4 Ng6 17. Bd6 Nh4 $1 {Black's counterplay is very disturbing.} (17... Qd7
18. Qd3 $1 $16)) 16... b6 $1 {Right on time.} (16... Ng6 17. Bd6 Qd7 18. Rae1
Red8 19. b4 Bf5 20. Ba4 {gives White a huge advantage,}) ({while after} 16...
Bd7 17. Rxe8 Qxe8 18. Re1 ({or even} 18. Be3 $5 {in order to meet} Ne6 {with}
19. f4 $5) 18... Ne6 19. Be5 {White enjoys a stable plus.}) 17. Rae1 ({Worse is
} 17. b4 a5 18. Na4 Nd7 {, and White is needlesly tangled up in queenside
affairs.}) 17... bxc5 18. dxc5 Bd7 (18... Qa5 $4 19. Nxd5 $18) 19. Rxe8 Bxe8
20. b4 Ne6 21. Bd6 g6 $1 {The forced sequence ended, and I started to think.
The first thing I noticed was that unless Black plays a5 himself , I will
never be able to push b4-b5 because of Qa5 - the beautiful bishop on d6 no
longer protects the queen. Then I realized that Black plans 22...Bg7 and 23...
Qf6, and after that White can only be worse. After some thought I came to the
conclusion that} (21... a5 22. b5 Bxc3 23. Qxc3 cxb5 24. Qd3 $16) 22. f4 {
is the only way to answer all of this.} Bd7 $6 {After the game Artur was very
displeased with this decision. He made this move almost immediately, and, as
it turned out, it was almost the last chance to change the course of the game.
Black had to play} (22... a5 $1 {, and it is very hard to tell who has the
upper hand in the following complications.} 23. f5 $1 (23. b5 Bd4+ 24. Kh1 Bxc5
$17) 23... gxf5 (23... Nd4 24. b5 Nxc2 25. Qxc2 Bd4+ (25... d4 26. Ne4 cxb5 27.
Nxf6+ Qxf6 28. Qe4 $16) 26. Kh1 Qf6 27. Ne2 $1 $14) (23... axb4 24. Nxd5 cxd5
25. fxe6 Rxa2 (25... Bc3 26. Qh6 Bg7 27. Qf4 $16) 26. e7 Qa8 27. Qd3 $44) 24.
Bxf5 (24. Ne2 $5 axb4 25. Bxf5 $44) 24... Bg7 $1 (24... axb4 $2 25. Qh6 $18) (
24... Bd4+ 25. Kh1 Qf6 26. Ne2 $1 Bf2 27. Rf1 Qxf5 28. Ng3 Qg5 29. Qxf2 axb4
30. Nf5 $40) 25. Bxe6 fxe6 26. Rxe6 Qh4 27. Ne2 $13) 23. Ne2 $1 {This little
move secures White's edge. Black is unable to stop 24.f5.} Bg7 24. f5 gxf5 25.
Bxf5 Qh4 $2 {The decisive mistake. It was necessary to play} (25... Nxc5 $1 {
, but after} 26. Bxh7+ Kxh7 27. Bxc5 Qh4 28. Nd4 $1 {the control over d4, the
safer king and the weakness of a7 pawn gives White a lasting egde.}) 26. Rf1
Re8 27. Kh1 $1 {Completing the consolidation and leaving Black paralized.
White is planning, for instance, 28.Ng3, 29.Bg4 and 30.Bf5, while Black is
hard-pressed to find a move.} Bc8 28. b5 $1 Bb7 (28... cxb5 {is bad:} 29. Qxd5
Qc4 30. Bxh7+ $1 $18) 29. Bxe6 $1 Rxe6 30. Nf4 ({It was tempting to play} 30.
Qa5 $5 Rxe2 31. Qc7 {, but after} Qe4 $1 (31... Bf6 32. Qb8+ Kg7 33. Qf8+ Kg6
34. Qg8+ $18) 32. Qb8+ Qe8 33. Qxb7 Re1 {Black is escaping.}) 30... Re8 31. Qa5
Qd8 $8 32. Qxa7 Qd7 (32... Qa8 33. Qxa8 Rxa8 34. b6 Rxa2 35. Kh2 $1 {, and
with rooks on board, White will easily win.}) 33. bxc6 Qxc6 34. Rb1 Ba8 $2 $138
(34... Bc8 {did not lose at once, but if White does not fall for} 35. Rb6 $2
Re1+ 36. Kh2 Qe8 $132 {, he is still almost winning.}) 35. Rb6 Qc8 36. Rb8 Qc6
37. Nxd5 $1 $18 Kh8 38. Qc7 Qa4 39. Rxe8+ Qxe8 40. Ne7 Be4 41. c6 h6 42. Qb8 {
Black resigned - he loses a piece.} 1-0

[Event "Linares 15th"]
[Site "Linares"]
[Date "1998.02.22"]
[Round "1"]
[White "Svidler, Peter"]
[Black "Kasparov, Garry"]
[Result "1/2-1/2"]
[WhiteElo "2690"]
[BlackElo "2825"]
[Annotator "ChessBase"]
[PlyCount "103"]
[EventDate "1998.02.22"]
[EventType "tourn"]
[EventRounds "12"]
[EventCountry "ESP"]
[EventCategory "21"]
[SourceTitle "CBM 064"]
[Source "ChessBase"]
[SourceDate "1998.06.02"]
[SourceVersion "1"]
[SourceVersionDate "1998.06.02"]
[SourceQuality "1"]

1. e4 c5 2. Nf3 d6 3. d4 cxd4 4. Nxd4 Nf6 5. Nc3 a6 6. Be2 e6 7. O-O Be7 8. a4
Nc6 9. Be3 O-O 10. f4 Qc7 11. Kh1 Re8 12. Bf3 Rb8 13. g4 Nd7 (13... Nxd4 14.
Bxd4 e5 15. fxe5 dxe5 16. Ba7 Ra8 17. g5 Rd8 18. Qe2 Ne8 19. Be3 Be6 20. Bg4 (
20. Qf2 Rdc8 21. Rad1 Bc5 22. Bxc5 Qxc5 23. Nd5 {1/2-1/2 Anand,V-Kasparov,G/
Las Palmas 1996/CBM 57 (33)}) 20... Bc4 21. Qf2 Qc6 22. b3 Bxf1 23. Rxf1 f6 24.
Nd5 {1-0 Khalifman,A-Akopian,V/Ubeda 1997/CBM 58 (52)}) 14. Bg2 b6 15. g5 Bb7
16. Qg4 (16. Qh5 g6 17. Qh3 Bf8 18. f5 Nde5 19. fxe6 Nxd4 20. exf7+ {1-0 De
Firmian,N-Irzhanov,R/WchT 4th 1997/CBM 62 (34)}) 16... Bf8 17. f5 exf5 18. Qxf5
Nde5 19. Nd5 Qd8 20. Nb3 Ne7 (20... Bc8 $5 21. Qf2 b5 22. axb5 axb5 {/\Be6
Dokhoian}) 21. Qf4 Rc8 22. Nd4 Nxd5 23. exd5 Qd7 24. b3 g6 $2 (24... b5 $5 25.
axb5 axb5 26. Ra5 Ra8 27. Rfa1 Qc7 28. Ra7 $14) (24... Ng6 $5 25. Qf2 Nh4 26.
Qxh4 Rxe3 27. Rae1 $14) 25. c4 $1 $14 Re7 26. Bg1 Rce8 27. Rae1 Bg7 28. Qg3 Qc7
29. Rd1 $6 Nd7 30. Rde1 $14 Nc5 31. Nc6 $138 (31. Rxe7 $5 Rxe7 32. Nc6) 31...
Rxe1 32. Rxe1 Rxe1 33. Qxe1 Nxb3 34. Qe8+ Bf8 35. Bh3 $2 (35. Nd8 Bc8 36. Nxf7
Qxf7 37. Qxc8 $11) 35... Na5 (35... Nd2 $5 36. Qe2 Bxc6 37. dxc6 Nb3 $17) 36.
Qd8 (36. Nxa5 $5 bxa5 37. Qd7 Qxd7 38. Bxd7 h6 39. h4 Be7 40. Be3 hxg5 41. hxg5
Kg7 42. Kg2 f5 43. gxf6+ Bxf6 44. Bf4 Be7 45. Bc6 Bc8 46. c5 $14) 36... Qxd8
37. Nxd8 Ba8 (37... Be7 38. Nxb7 Nxb7 39. Bxb6 Nc5 $11) 38. Bf1 Nb7 39. Nxb7
Bxb7 40. Bxb6 $11 h6 41. h4 hxg5 42. hxg5 Be7 43. Bc7 Kf8 44. Kh2 Ke8 45. Bh3
Bxg5 46. Bxd6 Be7 47. Be5 Bc5 48. Bf6 a5 49. Kg3 Ba6 50. Bf1 Bc8 51. Bd3 Kd7
52. Kf4 1/2-1/2

[Event "Linares 15th"]
[Site "Linares"]
[Date "1998.02.24"]
[Round "3"]
[White "Svidler, Peter"]
[Black "Ivanchuk, Vassily"]
[Result "1-0"]
[WhiteElo "2690"]
[BlackElo "2740"]
[PlyCount "97"]
[EventDate "1998.02.22"]
[EventType "tourn"]
[EventRounds "12"]
[EventCountry "ESP"]
[EventCategory "21"]
[SourceTitle "CBM 064"]
[Source "ChessBase"]
[SourceDate "1998.06.02"]
[SourceVersion "1"]
[SourceVersionDate "1998.06.02"]
[SourceQuality "1"]

1. e4 c5 2. Nf3 d6 3. d4 cxd4 4. Nxd4 Nf6 5. Nc3 a6 6. Be2 e6 7. O-O Be7 8. a4
O-O 9. f4 Qc7 10. Kh1 Rd8 11. Bf3 Nc6 12. Be3 Ne5 (12... Bd7 13. Qe1 Nxd4 14.
Bxd4 e5 15. Be3 b5 16. Qf2 Rdc8 17. fxe5 dxe5 18. Nd5 Nxd5 19. exd5 Bd6 20.
axb5 axb5 21. Be4 Be8 22. Bf5 Rxa1 23. Rxa1 Rb8 24. Bd3 {1/2-1/2 Geller,
E-Platonov,I/URS-ch39 1971/URS-ch}) 13. Be2 (13. Ndb5 axb5 14. Nxb5 Qc6 15.
fxe5 dxe5 16. Qe2 Bd7 17. c4 Be8 18. Qc2 b6 19. Qc3 {1/2-1/2 Sokolov,A-Lazarev,
V/Biel op 1992/EXP 31}) (13. Qe1 Nxf3 14. Nxf3 b6 15. Bd4 Qc6 16. e5 dxe5 17.
Nxe5 Qc7 18. Qf2 Rd6 19. a5 bxa5 20. Bc5 Rb8 21. Bxd6 Bxd6 22. Rab1 Bb7 23.
Rfd1 g6 24. Qd4 Bc5 25. Qc4 Qe7 26. Qa4 Bb4 27. Nc6 Bxc6 28. Qxc6 Ng4 29. Rd2
Qh4 30. g3 Qh3 31. Qc7 Rf8 32. Qb7 Qh5 33. Qf3 Qf5 34. Re2 Bxc3 35. Qxc3 Rd8
36. Qf3 h5 37. Kg2 Rd4 {Diker,M-Suba,M/Beersheba 1984/MCL 01/1/2-1/2 (50)})
13... b6 14. Qe1 (14. Nb3 Ned7 15. Bf3 Bb7 16. Qe2 Rac8 17. Bf2 Re8 18. Rad1 e5
19. f5 d5 20. exd5 e4 21. Nxe4 Bxd5 22. Bg3 Qa7 23. Nxf6+ Bxf6 24. Qd2 Bxf3 25.
Rxf3 Ne5 26. Bxe5 Rxe5 27. Qf2 Qb7 28. Rfd3 h6 29. Nd4 Rce8 30. h3 Qe4 31. b3 {
1/2-1/2 Haag,E-Jansa,V/Tungsram 1976/MCL 01}) 14... Nc4 15. Bc1 Bb7 16. b3 Na5
17. Bf3 Nd7 18. Bb2 Bf6 19. Rd1 Rac8 20. f5 Bxd4 21. Rxd4 Nc6 22. Rd2 Nce5 23.
fxe6 fxe6 24. Be2 Nc5 25. Qg3 Rf8 26. Rfd1 Rcd8 27. Qe3 Bc6 28. Ba3 a5 29. h3
h6 30. Rd4 Rf6 31. Bb2 Nb7 32. R4d2 Rff8 33. Kg1 Nc5 34. Rd4 Kh7 35. Bh5 Rd7
36. Nb5 Bxb5 37. axb5 Qd8 38. Qg3 Qe7 39. Kh2 Kg8 40. Bc1 Qf6 41. Be3 Kh8 42.
R1d2 Kh7 43. Bd1 Qe7 44. Bh5 Qf6 45. Bd1 Qe7 46. c3 Rf6 47. b4 Nb7 48. Qxe5
dxe5 49. Rxd7 1-0